[Event "Petrozavodsk A2"]
[Site "Petrozavodsk"]
[Date "2008.10.14"]
[Round "7"]
[White "Romanko, Alexandr"]
[Black "Pimenov, Revolt"]
[Result "0-1"]
[WhiteElo "2185"]
[BlackElo "2189"]
[PlyCount "76"]
[EventDate "2008.10.08"]
[EventType "tourn"]
[EventRounds "11"]
[EventCountry "RUS"]
[SourceTitle "EXT 2011"]
[Source "ChessBase"]
[SourceDate "2010.11.26"]
[SourceVersion "1"]
[SourceVersionDate "2010.11.26"]
[SourceQuality "1"]

1. e4 e6 2. d3 g6 3. Nf3 Bg7 4. g3 Ne7 5. Bg2 c5 6. 0-0 Nbc6 7. Re1 d6 8. c3 0-0 9. Be3 Bd7 10. Na3 a6 11. d4 cxd4 12. Nxd4 Qc7 13. Nac2 Ne5 14. Qe2 Nc4 15. Bg5 Rfe8 16. Ne3 Nxe3 17. Qxe3 Nc6 18. Nc2 Ne5 19. Rad1 h6 20. Bf4 Nc4 21. Qc1 g5 22. Be3 Nxe3 23. Rxe3 Ba4 24. Red3 Red8 25. b3 Be8 26. Qd2 Rac8 27. c4 b5 28. Ne3 Be5 29. Qe2 Kh7 30. Qg4 Bg7 31. h4 gxh4 32. Qxh4 bxc4 33. Nxc4 Bb5 34. Rxd6 Rxd6 35. Nxd6 Be2 36. Re1 Qxd6 37. e5 Qxe5 38. Bf3 Bxf3 0-1

[Event "Serpukhov-E"]
[Site "Serpukhov"]
[Date "2003.??.??"]
[Round "7"]
[White "Romanko, Alexandr"]
[Black "Melnik, Galina Ivanovna"]
[Result "1-0"]
[WhiteElo "2220"]
[BlackElo "2120"]
[PlyCount "39"]
[EventDate "2003.01.??"]
[EventType "tourn"]
[EventRounds "13"]
[EventCountry "RUS"]
[SourceTitle "EXT 2004"]
[Source "ChessBase"]
[SourceDate "2003.11.25"]
[SourceVersion "1"]
[SourceVersionDate "2003.11.25"]
[SourceQuality "1"]

1. e4 c6 2. d4 d5 3. exd5 cxd5 4. c3 Nf6 5. Bd3 Nc6 6. Bg5 Qb6 7. Qc2 Bg4 8. Nd2 Rc8 9. Ngf3 h6 10. Bf4 Bxf3 11. Nxf3 e6 12. 0-0 Be7 13. Rfe1 0-0 14. Qd2 Rfd8 15. Bxh6 gxh6 16. Qxh6 e5 17. dxe5 Ne4 18. Rxe4 dxe4 19. Bxe4 Bc5 20. Bh7+ 1-0